Návrh semiaktívneho odpruženia vozidla

Enregistré dans:
Détails bibliographiques
Auteur principal: Zuščík, Marián, 1982- (Auteur)
Autres auteurs: Musil, Miloš, 1962- (Directeur de thèse)
Format: Livre
Langue:slovaque
Publié: Bratislava : STU v Bratislave, 2010
Édition:1. vyd.
Sujets:
Tags: Ajouter un tag
Pas de tags, Soyez le premier à ajouter un tag!

MARC

LEADER 00000nam a22000003a 4500
001 stu213369
005 20150617230128.8
008 101019s2010----xo------------------slo-d
040 |a STU  |b slo 
041 0 |a slo 
044 |a xo 
100 1 |a Zuščík, Marián,  |d 1982-  |4 aut  |u J0010  |U SjF Strojnícka fakulta  |T SjF Ústav aplikovanej mechaniky a mechatroniky  |X 28714  |U J0010  |Y 801  |7 A000028714 
245 1 |a Návrh semiaktívneho odpruženia vozidla 
250 |a 1. vyd. 
260 |a Bratislava :  |b STU v Bratislave,  |c 2010 
300 |a 133 s 
650 7 |a mechatronika  |2 stusub 
700 1 |a Musil, Miloš,  |d 1962-  |4 ths  |u J0010  |U SjF Strojnícka fakulta  |T SjF Ústav aplikovanej mechaniky a mechatroniky  |X 2301  |U J0010  |Y 801  |7 A000002301 
996 |b 284J037890  |c J*113174  |l JJST  |s P  |a 0  |w stu213369_0001